THE CITIZEN AND DEMOCRACY (Record no. 28588)
[ view plain ]
| 000 -LEADER | |
|---|---|
| fixed length control field | 00313nam a22001337a 4500 |
| 003 - CONTROL NUMBER IDENTIFIER | |
| control field | SGT |
| 082 ## - DEWEY DECIMAL CLASSIFICATION NUMBER | |
| Classification number | 070 |
| Item number | T71G |
| 100 ## - MAIN ENTRY--PERSONAL NAME | |
| Personal name | GUPTA, RANJIT |
| 245 ## - TITLE STATEMENT | |
| Title | THE CITIZEN AND DEMOCRACY |
| 260 ## - PUBLICATION, DISTRIBUTION, ETC. (IMPRINT) | |
| Name of publisher, distributor, etc | NATIONAL COORDINATING COMMITTEE FOR VOTER EDUCATION |
| Year of Publication | 1971 |
| 300 ## - PAGE DESCRIPTION | |
| No. of Pages | 89 |
| 650 ## - SUBJECT ADDED ENTRY--TOPICAL TERM | |
| Topical term or geographic name as entry element | JOURNALISM |
| 942 ## - ADDED ENTRY ELEMENTS (KOHA) | |
| Source of classification or shelving scheme | Dewey Decimal Classification |
| Koha item type | Books |
| Withdrawn status | Lost status | Source of classification or shelving scheme | Damaged status | Not for loan | Home library | Current library | Shelving location | Date acquired | Cost, normal purchase price | SGTU | Total Checkouts | Full call number | Accession No. (Barcode) | Date last seen | Bill Date | Koha item type |
|---|---|---|---|---|---|---|---|---|---|---|---|---|---|---|---|---|
| Dewey Decimal Classification | Not For Loan | SGT Chancellor's Library | SGT Chancellor's Library | Reference Book | 31/12/2024 | 10.00 | SGTU | 070 T71G | CH1446 | 31/12/2024 | 31/12/2024 | Books |